<?xml version="1.0" encoding="UTF-8"?>
<record
    xmlns:xsi="http://www.w3.org/2001/XMLSchema-instance"
    xsi:schemaLocation="http://www.loc.gov/MARC21/slim http://www.loc.gov/standards/marcxml/schema/MARC21slim.xsd"
    xmlns="http://www.loc.gov/MARC21/slim">

  <leader>00813nam a2200253 a 4500</leader>
  <controlfield tag="001">BRCA_8082</controlfield>
  <controlfield tag="005">20190320210125.0</controlfield>
  <controlfield tag="008">030414s1968----gw-a###f##---#001-0#ger-#</controlfield>
  <datafield tag="041" ind1=" " ind2=" ">
    <subfield code="a">ger</subfield>
  </datafield>
  <datafield tag="044" ind1=" " ind2=" ">
    <subfield code="a">gw</subfield>
  </datafield>
  <datafield tag="050" ind1=" " ind2="4">
    <subfield code="a">NK1125</subfield>
    <subfield code="b">.W45 1968</subfield>
  </datafield>
  <datafield tag="100" ind1="1" ind2=" ">
    <subfield code="a">Wellensiek, Hertha</subfield>
    <subfield code="9">20089</subfield>
  </datafield>
  <datafield tag="245" ind1="1" ind2="0">
    <subfield code="a">Kunstpreisverzeichnis</subfield>
    <subfield code="b">1967-1968</subfield>
    <subfield code="c">Hertha Wellensiek und Robert Keiszelist.</subfield>
  </datafield>
  <datafield tag="260" ind1=" " ind2=" ">
    <subfield code="a">M&#xFA;nich</subfield>
    <subfield code="b">GMBH</subfield>
    <subfield code="c">1968</subfield>
  </datafield>
  <datafield tag="300" ind1=" " ind2=" ">
    <subfield code="a">551 p.</subfield>
    <subfield code="b">il.</subfield>
    <subfield code="c">21 cm.</subfield>
  </datafield>
  <datafield tag="440" ind1=" " ind2="0">
    <subfield code="a">Auktion sergebnisse</subfield>
    <subfield code="p">1.VII.1967 bis 30.VI.1968</subfield>
    <subfield code="v">Band XXIII</subfield>
    <subfield code="9">20090</subfield>
  </datafield>
  <datafield tag="500" ind1=" " ind2=" ">
    <subfield code="a">Y114</subfield>
  </datafield>
  <datafield tag="500" ind1=" " ind2=" ">
    <subfield code="a">Cat&#xE1;logo de subastas inventariado por el Banco de M&#xE9;xico como libro</subfield>
  </datafield>
  <datafield tag="650" ind1="1" ind2="4">
    <subfield code="a">Artes decorativas</subfield>
    <subfield code="v">Subastas</subfield>
    <subfield code="9">20091</subfield>
  </datafield>
  <datafield tag="650" ind1="1" ind2="4">
    <subfield code="a">Artes decorativas</subfield>
    <subfield code="v">Cat&#xE1;logos</subfield>
    <subfield code="9">14086</subfield>
  </datafield>
  <datafield tag="700" ind1="1" ind2=" ">
    <subfield code="a">Keyszelist, Robert</subfield>
    <subfield code="9">20092</subfield>
  </datafield>
  <datafield tag="902" ind1=" " ind2=" ">
    <subfield code="a">GFM</subfield>
  </datafield>
  <datafield tag="942" ind1=" " ind2=" ">
    <subfield code="2">lcc</subfield>
    <subfield code="c">B</subfield>
  </datafield>
  <datafield tag="999" ind1=" " ind2=" ">
    <subfield code="c">7750</subfield>
    <subfield code="d">7750</subfield>
  </datafield>
  <datafield tag="952" ind1=" " ind2=" ">
    <subfield code="0">0</subfield>
    <subfield code="1">0</subfield>
    <subfield code="4">0</subfield>
    <subfield code="7">0</subfield>
    <subfield code="a">BRCA</subfield>
    <subfield code="b">BRCA</subfield>
    <subfield code="d">2014-04-03</subfield>
    <subfield code="i">Y114</subfield>
    <subfield code="l">0</subfield>
    <subfield code="o">NK1125 .W45 1968 (Y114)</subfield>
    <subfield code="p">8706</subfield>
    <subfield code="r">2019-03-22 00:00:00</subfield>
    <subfield code="w">2019-03-22</subfield>
    <subfield code="y">B</subfield>
  </datafield>
</record>
